Regiony i wspólnoty Francji na mapie - Statystyki

Ogólne statystyki
  • Ten quiz został rozwiązany 32 razy
  • Średni wynik to 9 z 24
Odpowiedzi na mapie
Odpowiedzi zakodowano w zielono-czerwonej skali na mapie do tego quizu, zgodnie z poniższymi procentami.
 
Statystyki odpowiedzi
Typ Jednostka % Poprawnych
Region zamorski Gujana Francuska
84%
Region metropolitarny Normandia
64%
Region zamorski Réunion
64%
Region metropolitarny Bretania
60%
Region zamorski Gwadelupa
52%
Region metropolitarny Korsyka
52%
Region metropolitarny Île-de-France
48%
Kolektywność sui generis Nowa Kaledonia
48%
Region metropolitarny Oksytania
48%
Region metropolitarny Kraj Loary
44%
Wspólnota zamorska Polinezja Francuska
44%
Region metropolitarny Grand Est
40%
Region metropolitarny Hauts-de-France
40%
Region metropolitarny Nowa Akwitania
40%
Wspólnota zamorska Saint Pierre i Miquelon
32%
Region metropolitarny Prowansja-Alpy-Lazurowe Wybrzeże
28%
Region metropolitarny Region Centralny-Dolina Loary
28%
Wspólnota zamorska Saint Martin
24%
Region metropolitarny Owernia-Rodan-Alpy
16%
Wspólnota zamorska Wallis i Futuna
16%
Region metropolitarny Burgundia-Franche-Comté
12%
Wspólnota zamorska Saint Barthélemy
12%
Region zamorski Martinika
4%
Region zamorski Mayotte
4%
Nie znaleziono quizów pasujących do podanych kryteriów
Rozkład punktacji
Procent ludzi z każdym wynikiem
Percentyl według liczby udzielonych odpowiedzi
Twoja historia wyników
Nie rozwiązałeś tego quizu